00699nam a2200241 a 4500001001300000003000900013005001700022008004100039020002200080082001600102100002500118245002500143260002500168300000900193500003500202505001400237650002200251700002500273902000800298942000700306952012700313999001700440nice12345678IN_TiNIC20260116013259.0050524s2000 dela grp 000 0 eng  a8172147 c6500a220.04bPAU aPaul, Winifred Irene aSevens of the Bible. aDelhi bISPCK c2000 a223p aincludes index and biblioraphy2 afootnotes aBible And Numbers1 aPaul, Winifred Irene bSRS cBK 001040708StackRoom-aHMIbHMId2007-06-14g65.00l1o220.04 PAUp019742r2019-10-25s2019-10-07v65.00w2005-05-24yBK c10388d10388